[Event "TCh-TUR Super League 2023"]
[Site "Ankara TUR"]
[Date "2023.07.17"]
[Round "8.1"]
[Board "1"]
[White "Sychev, Klementy"]
[Black "Korobov, Anton"]
[Result "1/2-1/2"]
[WhiteTitle "GM"]
[BlackTitle "GM"]
[WhiteElo "2540"]
[BlackElo "2667"]
[WhiteTeam "TAS DUVAR"]
[BlackTeam "BAYEGAN PENDIK"]
[WhiteFideId "4114060"]
[BlackFideId "14105730"]
[EventDate "2023.07.10"]

1. d4 Nf6 2. c4 e6 3. Nf3 d5 4. Nc3 Be7 5. g3 Nbd7 6. Bg2 O-O 7. Qd3 c6 8. O-O
b6 9. e4 Ba6 10. b3 Rc8 11. Rd1 dxe4 12. Nxe4 b5 13. Nxf6+ Bxf6 14. Be3 bxc4 15.
bxc4 Qa5 16. Rac1 Nb6 17. Qb3 Rfd8 18. h3 c5 19. Bd2 Qa4 20. dxc5 Rxc5 21. Qxa4
Nxa4 22. Be3 Rxd1+ 23. Rxd1 Rc7 24. Bf4 Rc8 25. Rd7 Bxc4 26. Rxa7 Nc3 27. a4
Ne2+ 28. Kh2 Nxf4 29. gxf4 h6 30. Ne5 Bxe5 31. fxe5 Rc5 32. Ra8+ Kh7 33. Ra7 1/2-1/2

[Event "TCh-TUR Super League 2023"]
[Site "Ankara TUR"]
[Date "2023.07.17"]
[Round "8.1"]
[Board "2"]
[White "Ali Marandi, Cemil Can"]
[Black "Visakh, N R"]
[Result "0-1"]
[WhiteTitle "GM"]
[BlackTitle "GM"]
[WhiteElo "2568"]
[BlackElo "2536"]
[WhiteTeam "BAYEGAN PENDIK"]
[BlackTeam "TAS DUVAR"]
[WhiteFideId "6300529"]
[BlackFideId "25012223"]
[EventDate "2023.07.10"]

1. d4 Nf6 2. Nf3 e6 3. Bf4 d5 4. c3 c5 5. e3 Nc6 6. Nbd2 cxd4 7. exd4 Nh5 8. Be3
Bd6 9. Ne5 Nf6 10. f4 Qb6 11. Qb3 Ng8 12. Bd3 Nge7 13. O-O f6 14. Nef3 Nf5 15.
Kf2 Bd7 16. Rae1 Nxe3 17. Kxe3 Qc7 18. g3 O-O-O 19. Ke2 h6 20. Kd1 g5 21. fxg5
hxg5 22. Qc2 Rdg8 23. Nb3 e5 24. dxe5 fxe5 25. Bf5 Kb8 26. Bxd7 Qxd7 27. Kc1 e4
28. Nfd4 Ne5 29. Kb1 g4 30. Re2 Rh5 31. Rd1 Rgh8 32. Nc1 Be7 33. Qb3 Rd8 34. Nc2
Qc6 35. Ne3 Nf3 36. Nxg4 Bc5 37. Ne3 Bxe3 38. Rxe3 Rxh2 39. Re2 Rhh8 40. Qc2 Qg6
41. Nb3 Qxg3 42. a3 Qg6 43. c4 dxc4 44. Rxd8+ Rxd8 45. Qxc4 Re8 46. Ka2 Qc6 47.
Nc5 Ng5 48. Rc2 Ka8 49. Rg2 e3 50. Rxg5 e2 51. Rg1 e1=Q 52. Rxe1 Rxe1 53. Qd4
Re8 54. Qd7 Qxd7 55. Nxd7 b6 56. Nf6 Re5 57. Ng4 Re2 58. Nf6 Re5 59. Ng4 Re6 60.
Nf2 Kb7 61. Nd1 Kc6 62. Nc3 Kc5 63. Kb3 Re3 64. Kc2 Kc4 65. b3+ Kc5 66. Kd2 Rh3
67. Kc2 b5 68. Kd2 b4 69. Na4+ Kb5 70. axb4 Kxb4 71. Kc2 Rxb3 72. Nb2 a5 73.
Nd3+ Rxd3 74. Kxd3 Kb3 75. Kd2 Kb2 0-1

[Event "TCh-TUR Super League 2023"]
[Site "Ankara TUR"]
[Date "2023.07.17"]
[Round "8.1"]
[Board "3"]
[White "Samani, Yamac"]
[Black "Murzin, Volodar"]
[Result "1/2-1/2"]
[WhiteTitle "FM"]
[BlackTitle "GM"]
[WhiteElo "2375"]
[BlackElo "2623"]
[WhiteTeam "TAS DUVAR"]
[BlackTeam "BAYEGAN PENDIK"]
[WhiteFideId "6352634"]
[BlackFideId "44155573"]
[EventDate "2023.07.10"]

1. d4 Nf6 2. c4 g6 3. Nc3 Bg7 4. e4 O-O 5. Be3 d6 6. h3 Na6 7. g4 e5 8. d5 Nc5
9. f3 a5 10. Qd2 Ne8 11. O-O-O f5 12. Kb1 Bf6 13. Qg2 fxe4 14. Nxe4 Nxe4 15.
fxe4 Bg5 16. Qd2 Bxe3 17. Qxe3 Nf6 18. Bd3 Nd7 19. Ne2 Nc5 20. Rdf1 c6 21. Nc3
Rf4 22. Ne2 Rxf1+ 23. Rxf1 Bd7 24. Nc3 Qe7 25. Be2 Rf8 26. Rxf8+ Qxf8 27. h4
cxd5 28. cxd5 Qe8 29. a3 Qd8 30. g5 Qc7 31. Ka2 Qb6 32. Bc4 a4 33. Qf2 Qd8 34.
Qf1 h6 35. Qg2 Kh7 36. Qf3 Qe7 37. Bb5 Bxb5 38. Nxb5 Kg7 39. Qg4 Qd8 40. Nc3 h5
41. Qe2 1/2-1/2

[Event "TCh-TUR Super League 2023"]
[Site "Ankara TUR"]
[Date "2023.07.17"]
[Round "8.1"]
[Board "4"]
[White "Solak, Dragan"]
[Black "Karagollu, Ahmet"]
[Result "1-0"]
[WhiteTitle "GM"]
[WhiteElo "2586"]
[BlackElo "2175"]
[WhiteTeam "BAYEGAN PENDIK"]
[BlackTeam "TAS DUVAR"]
[WhiteFideId "916811"]
[BlackFideId "6307825"]
[EventDate "2023.07.10"]

1. c4 c6 2. d4 d5 3. Nf3 Nf6 4. e3 e6 5. Bd3 Bd6 6. O-O O-O 7. Nbd2 Nbd7 8. e4
dxe4 9. Nxe4 Nxe4 10. Bxe4 Nf6 11. Bc2 c5 12. Bg5 Be7 13. Qd3 g6 14. dxc5 Qxd3
15. Bxd3 a5 16. Ne5 Kg7 17. Be3 Rd8 18. Rfd1 Nd7 19. Nxd7 Rxd7 20. Be4 Rxd1+ 21.
Rxd1 f5 22. Bf3 e5 23. c6 bxc6 24. Bxc6 Rb8 25. b3 Be6 26. Kf1 Kf6 27. Ke2 g5
28. Bd2 Bb4 29. Bc1 Bc3 30. Rd6 Bb4 31. Bxg5+ Kxg5 32. Rxe6 e4 33. g3 Rd8 34.
Bd5 Rd6 35. Re5 Kf6 36. Re8 h6 37. f3 exf3+ 38. Kxf3 Rb6 39. Ra8 Ke5 40. Ke3 Rf6
41. Rb8 Bc5+ 42. Kf3 Bb4 43. Ke3 Bc5+ 44. Kd3 Bb4 45. Rb5 Rd6 46. a3 Bxa3 47.
Rxa5 Bb4 48. Rb5 Be1 49. b4 Bf2 50. Rb8 Bg1 51. Re8+ Kf6 52. Re2 Bb6 53. Kc3 f4
54. gxf4 Kf5 55. c5 Bxc5 56. bxc5 Rxd5 57. Re5+ Rxe5 58. fxe5 Kxe5 59. Kc4 Ke6
60. Kb5 1-0

[Event "TCh-TUR Super League 2023"]
[Site "Ankara TUR"]
[Date "2023.07.17"]
[Round "8.1"]
[Board "5"]
[White "Nurmanova, Alua"]
[Black "Atalik, Ekaterina"]
[Result "1/2-1/2"]
[WhiteTitle "WIM"]
[BlackTitle "IM"]
[WhiteElo "2183"]
[BlackElo "2407"]
[WhiteTeam "TAS DUVAR"]
[BlackTeam "BAYEGAN PENDIK"]
[WhiteFideId "13729390"]
[BlackFideId "4130189"]
[EventDate "2023.07.10"]

1. e4 c6 2. d4 d5 3. e5 Bf5 4. Nf3 e6 5. Be2 h6 6. O-O Ne7 7. a4 c5 8. dxc5 Nec6
9. Nd4 Nxd4 10. Qxd4 Nc6 11. Bb5 Bxc2 12. b4 Be7 13. Be3 O-O 14. Bxc6 bxc6 15.
Nd2 Rb8 16. Qc3 Bg6 17. Nb3 Qc7 18. f4 Qb7 19. Bd2 Rfc8 20. g4 Be4 21. h3 Qxb4
22. Qxb4 Rxb4 23. Bxb4 Rb8 24. Nd2 Rxb4 25. Nxe4 Rxe4 26. Kg2 Bxc5 27. Rac1 Be3
28. Rxc6 Bxf4 29. Ra6 g5 30. Rxa7 d4 31. Rd7 d3 32. Rxd3 Rxa4 33. Rd7 Re4 34.
Rf2 Rxe5 35. Rb2 Kg7 36. Rbb7 Re2+ 37. Kf1 Rh2 38. Rxf7+ Kg6 39. Rf8 Rxh3 40.
Rbf7 Rf3+ 41. Ke2 Re3+ 42. Kf2 Rb3 43. Rf6+ Kg7 44. R8f7+ Kg8 45. Rd7 Rb2+ 46.
Kf1 Rb1+ 47. Ke2 Rb2+ 48. Kd1 Rb1+ 49. Kc2 Rc1+ 50. Kb3 Rb1+ 51. Kc2 Rc1+ 52.
Kb3 Rb1+ 53. Kc2 1/2-1/2

[Event "TCh-TUR Super League 2023"]
[Site "Ankara TUR"]
[Date "2023.07.17"]
[Round "8.1"]
[Board "6"]
[White "Nihal, Sarin"]
[Black "Tarlabasi, Emirhan"]
[Result "1-0"]
[WhiteTitle "GM"]
[BlackTitle "FM"]
[WhiteElo "2688"]
[BlackElo "2301"]
[WhiteTeam "BAYEGAN PENDIK"]
[BlackTeam "TAS DUVAR"]
[WhiteFideId "25092340"]
[BlackFideId "6350275"]
[EventDate "2023.07.10"]

1. Nf3 d5 2. e3 Nf6 3. c4 e6 4. Nc3 c5 5. cxd5 exd5 6. d4 Nc6 7. Bb5 a6 8. Bxc6+
bxc6 9. O-O Bd6 10. dxc5 Bxc5 11. b3 O-O 12. Bb2 Re8 13. Rc1 Ba7 14. Ne2 Qd6 15.
Ng3 Bd7 16. Bd4 Bg4 17. Bxa7 Rxa7 18. Qd4 Rc7 19. Qc5 Qxc5 20. Rxc5 Bxf3 21.
gxf3 Nd7 22. Ra5 Nb8 23. Rc1 Rec8 24. Ne2 Kf8 25. Nf4 Ke7 26. Nd3 Kd8 27. b4 Rb7
28. a4 Rcc7 29. e4 Rb6 30. exd5 cxd5 31. Rxd5+ Rd7 32. Rcc5 Rxd5 33. Rxd5+ Ke7
34. Rc5 Nd7 35. Rc7 Kd6 36. Ra7 Rc6 37. Kf1 f6 38. f4 h5 39. Ke2 g6 40. h4 Ke6
41. Ke3 Nb6 42. Rxa6 Nd5+ 43. Kf3 Rxa6 44. Nc5+ Kd6 45. Nxa6 Kc6 46. b5+ Kb6 47.
Nb8 Kc7 48. Nc6 Kb6 49. Nd4 Nc3 50. f5 gxf5 51. Kf4 Nxa4 52. Kxf5 Kc5 53. Ne6+
Kxb5 54. Nf4 Kc6 55. Nxh5 Kd6 56. Kxf6 Nc3 57. Ng3 Nd5+ 58. Kf7 Nf4 59. h5 Kd5 1-0

[Event "TCh-TUR Super League 2023"]
[Site "Ankara TUR"]
[Date "2023.07.17"]
[Round "8.2"]
[Board "1"]
[White "Demchenko, Anton"]
[Black "Volokitin, Andrei"]
[Result "1/2-1/2"]
[WhiteTitle "GM"]
[BlackTitle "GM"]
[WhiteElo "2623"]
[BlackElo "2674"]
[WhiteTeam "HUKUKCU FENERBAHCELILER SPOR VE KULTUR K"]
[BlackTeam "DENIZ SU SATRANC GENCLIK VE"]
[WhiteFideId "4160258"]
[BlackFideId "14107090"]
[EventDate "2023.07.10"]

1. e4 c5 2. Nf3 d6 3. Nc3 Nf6 4. Be2 e5 5. Bc4 Be7 6. d3 O-O 7. a4 Nc6 8. O-O h6
9. Bd2 Kh8 10. h3 Nd4 11. Nxd4 cxd4 12. Ne2 Be6 13. Bxe6 fxe6 14. c3 dxc3 15.
Bxc3 Qb6 16. Ng3 Rac8 17. d4 d5 18. a5 Qb5 19. dxe5 Nxe4 20. Nxe4 dxe4 21. Qg4
Bc5 22. Qxe4 Bxf2+ 23. Rxf2 Rxf2 24. Kxf2 Rxc3 25. bxc3 Qb2+ 26. Qe2 Qxa1 27.
Qb5 Qxc3 28. Qe8+ Kh7 29. Qxe6 Qc2+ 30. Kg1 Qc1+ 31. Kh2 Qf4+ 32. Kh1 Qf1+ 33.
Kh2 Qf4+ 34. Kh1 1/2-1/2

[Event "TCh-TUR Super League 2023"]
[Site "Ankara TUR"]
[Date "2023.07.17"]
[Round "8.2"]
[Board "2"]
[White "Indjic, Aleksandar"]
[Black "Ahmadzada, Ahmad"]
[Result "0-1"]
[WhiteTitle "GM"]
[BlackTitle "IM"]
[WhiteElo "2619"]
[BlackElo "2503"]
[WhiteTeam "DENIZ SU SATRANC GENCLIK VE"]
[BlackTeam "HUKUKCU FENERBAHCELILER SPOR VE KULTUR K"]
[WhiteFideId "911925"]
[BlackFideId "13413007"]
[EventDate "2023.07.10"]

1. d4 Nf6 2. c4 e6 3. Nc3 Bb4 4. e3 d5 5. a3 Be7 6. Nf3 O-O 7. b4 a5 8. b5 c5 9.
dxc5 dxc4 10. Bb2 Bxc5 11. Bxc4 Nbd7 12. O-O b6 13. Na4 Bb7 14. Nxc5 Nxc5 15.
Qe2 Qe7 16. Ne5 Rac8 17. f3 Ne8 18. Bd4 Nd6 19. Ba2 Nf5 20. Rfc1 Rfd8 21. Bb2 f6
22. Nc4 Nd3 23. Rd1 Nxb2 24. Nxb2 Bd5 25. Bxd5 exd5 26. Rd3 d4 27. e4 Ne3 28.
Rd2 Rc3 29. a4 Rdc8 30. Nd3 Rc2 31. Ra2 Rxd2 32. Rxd2 Qa3 33. Kf2 Qxa4 34. Nf4
Qc4 35. Qxc4+ Rxc4 36. Ke2 Kf7 37. Kd3 Rb4 38. Ra2 g5 39. Ne2 Nxg2 40. Nxd4 Nf4+
41. Ke3 Ne6 42. Nf5 Rb3+ 43. Kf2 Nc5 44. Rd2 a4 45. Rd8 Rxb5 46. Rh8 Ra5 47.
Rxh7+ Kg8 0-1

[Event "TCh-TUR Super League 2023"]
[Site "Ankara TUR"]
[Date "2023.07.17"]
[Round "8.2"]
[Board "3"]
[White "Annaberdiyev, Meylis"]
[Black "Citak, Selim"]
[Result "1-0"]
[WhiteTitle "GM"]
[BlackTitle "FM"]
[WhiteElo "2496"]
[BlackElo "2327"]
[WhiteTeam "HUKUKCU FENERBAHCELILER SPOR VE KULTUR K"]
[BlackTeam "DENIZ SU SATRANC GENCLIK VE"]
[WhiteFideId "14000563"]
[BlackFideId "6301819"]
[EventDate "2023.07.10"]

1. d4 d5 2. c4 e6 3. Nc3 Nf6 4. cxd5 Nxd5 5. e4 Nxc3 6. bxc3 c5 7. Rb1 cxd4 8.
cxd4 Nc6 9. Nf3 Bb4+ 10. Bd2 Bxd2+ 11. Qxd2 O-O 12. Bb5 Ne7 13. O-O b6 14. Bd3
Bb7 15. a4 Bc6 16. Ra1 Qd6 17. d5 exd5 18. e5 Qd7 19. Qc2 Ng6 20. Nd4 Nxe5 21.
Bxh7+ Kh8 22. Ra3 g6 23. Rh3 Kg7 24. f4 Bxa4 25. Qb2 Rh8 26. fxe5 Rxh7 27. e6
fxe6 28. Nxe6+ Kg8 29. Rf6 Qe8 30. Rg3 Rh6 31. Qd2 1-0

[Event "TCh-TUR Super League 2023"]
[Site "Ankara TUR"]
[Date "2023.07.17"]
[Round "8.2"]
[Board "4"]
[White "Yurtseven, Melih"]
[Black "Huseyinoglu, Alihan"]
[Result "1/2-1/2"]
[WhiteTitle "IM"]
[BlackTitle "IM"]
[WhiteElo "2329"]
[BlackElo "2261"]
[WhiteTeam "DENIZ SU SATRANC GENCLIK VE"]
[BlackTeam "HUKUKCU FENERBAHCELILER SPOR VE KULTUR K"]
[WhiteFideId "6312160"]
[BlackFideId "14202875"]
[EventDate "2023.07.10"]

1. Nf3 c5 2. c4 Nc6 3. Nc3 g6 4. e3 Bg7 5. d4 d6 6. d5 Ne5 7. Nd2 Nf6 8. Be2 O-O
9. O-O a6 10. a4 Re8 11. h3 e6 12. f4 Ned7 13. e4 Qc7 14. g4 exd5 15. exd5 Nf8
16. g5 Nh5 17. Bxh5 gxh5 18. f5 Re5 19. f6 Rxg5+ 20. Kh1 Qd7 21. Rf3 Bh8 22.
Nde4 Rf5 23. Bf4 Bxf6 24. Qd2 Ng6 25. Nxf6+ Rxf6 26. Ne4 Rxf4 27. Qxf4 Nxf4 28.
Nf6+ Kf8 29. Nxd7+ Bxd7 30. Rxf4 Bxh3 31. Ra3 Bg4 32. Rb3 Rb8 33. Rb6 Ke7 34. a5
f5 35. Rf1 Kd7 36. Kg2 h4 37. Re1 f4 38. Re4 f3+ 39. Kf2 h5 40. Rf4 h3 41. Kg3
Kc7 42. Rf7+ Bd7 43. Rxf3 Rg8+ 44. Kh2 Rg2+ 45. Kh1 Rc2 1/2-1/2

[Event "TCh-TUR Super League 2023"]
[Site "Ankara TUR"]
[Date "2023.07.17"]
[Round "8.2"]
[Board "5"]
[White "Caglar, Sila"]
[Black "Salimova, Nurgyul"]
[Result "0-1"]
[WhiteTitle "WIM"]
[BlackTitle "IM"]
[WhiteElo "2235"]
[BlackElo "2409"]
[WhiteTeam "HUKUKCU FENERBAHCELILER SPOR VE KULTUR K"]
[BlackTeam "DENIZ SU SATRANC GENCLIK VE"]
[WhiteFideId "6364063"]
[BlackFideId "2915138"]
[EventDate "2023.07.10"]

1. e4 c6 2. d4 d5 3. exd5 cxd5 4. Bd3 Nf6 5. c3 Bg4 6. Qb3 Qc7 7. h3 Bh5 8. Ne2
Bxe2 9. Bf4 Qd7 10. Bxe2 Nc6 11. Nd2 e6 12. Nf3 Bd6 13. Bxd6 Qxd6 14. Qxb7 Rb8
15. Qa6 O-O 16. Rb1 Ne4 17. O-O f5 18. Qd3 g5 19. b4 Rbc8 20. Rbc1 Rc7 21. a3
Ne7 22. c4 dxc4 23. Rxc4 Nd5 24. Rxc7 Qxc7 25. Qa6 Rf6 26. Ne5 Nf4 27. Bb5 g4
28. Qc6 Qxc6 29. Nxc6 gxh3 30. g3 Nd5 31. Bd3 Nd2 32. Rc1 Nf3+ 33. Kh1 h5 34.
Be2 Ng5 35. Bxh5 Rh6 36. Be2 Ne4 37. Rf1 Nd2 38. Rd1 Ne4 39. Rf1 h2 40. Kg2 Nxf2
41. Kxf2 h1=Q 42. Rxh1 Rxh1 43. Nxa7 Nc3 44. Bc4 Kf7 45. Nc6 Ra1 46. b5 Ne4+ 47.
Ke2 Nxg3+ 48. Kf3 Rxa3+ 49. Kf4 Kf6 0-1

[Event "TCh-TUR Super League 2023"]
[Site "Ankara TUR"]
[Date "2023.07.17"]
[Round "8.2"]
[Board "6"]
[White "Erten, Kerem"]
[Black "Gokcek, Kursat Bugra"]
[Result "1/2-1/2"]
[WhiteTitle "CM"]
[BlackTitle "CM"]
[WhiteElo "2287"]
[BlackElo "2160"]
[WhiteTeam "DENIZ SU SATRANC GENCLIK VE"]
[BlackTeam "HUKUKCU FENERBAHCELILER SPOR VE KULTUR K"]
[WhiteFideId "34588221"]
[BlackFideId "34507833"]
[EventDate "2023.07.10"]

1. e4 c5 2. b3 g6 3. Bb2 Nf6 4. Nc3 Bg7 5. e5 Nh5 6. Nf3 Nc6 7. Qe2 O-O 8. Qe3
d6 9. Be2 dxe5 10. O-O-O b6 11. Bb5 Bb7 12. Rhg1 Qc7 13. Rde1 f6 14. Bxc6 Qxc6
15. d3 Nf4 16. Ne4 Rac8 17. Ned2 b5 18. h4 a5 19. g3 Ne6 20. Nh2 Nd4 21. f4 1/2-1/2

[Event "TCh-TUR Super League 2023"]
[Site "Ankara TUR"]
[Date "2023.07.17"]
[Round "8.3"]
[Board "1"]
[White "Mamedov, Rauf"]
[Black "Ivic, Velimir"]
[Result "1/2-1/2"]
[WhiteTitle "GM"]
[BlackTitle "GM"]
[WhiteElo "2636"]
[BlackElo "2590"]
[WhiteTeam "APAYDIN SATRANC VE"]
[BlackTeam "BURHANIYE"]
[WhiteFideId "13401653"]
[BlackFideId "950122"]
[EventDate "2023.07.10"]

1. Nf3 d5 2. g3 g6 3. Bg2 Bg7 4. O-O e5 5. d3 Nc6 6. Nc3 Nge7 7. e4 dxe4 8. dxe4
Bg4 9. Nd5 Nxd5 10. exd5 Nd4 11. Be3 O-O 12. Bxd4 exd4 13. h3 Bxf3 14. Qxf3 Qd6
15. Rfe1 Rfe8 16. Qb3 b6 17. Rad1 a5 18. a3 Bf6 19. h4 h5 20. Qb5 Kf8 21. a4
Rad8 22. b3 Rxe1+ 23. Rxe1 Qd7 24. Qxd7 Rxd7 25. Kf1 Re7 26. Rxe7 Kxe7 27. Ke2
Kd6 28. Kd3 Bg7 29. Bf3 Bf6 30. Bg2 Bg7 1/2-1/2

[Event "TCh-TUR Super League 2023"]
[Site "Ankara TUR"]
[Date "2023.07.17"]
[Round "8.3"]
[Board "2"]
[White "Skoberne, Jure"]
[Black "Safarli, Eltaj"]
[Result "0-1"]
[WhiteTitle "GM"]
[BlackTitle "GM"]
[WhiteElo "2536"]
[BlackElo "2607"]
[WhiteTeam "BURHANIYE"]
[BlackTeam "APAYDIN SATRANC VE"]
[WhiteFideId "14604299"]
[BlackFideId "13402129"]
[EventDate "2023.07.10"]

1. d4 Nf6 2. Nf3 g6 3. Bg5 Bg7 4. Nbd2 O-O 5. c3 d5 6. e3 c5 7. Be2 h6 8. Bh4
Ne4 9. Nxe4 dxe4 10. Nd2 cxd4 11. cxd4 Nc6 12. g4 g5 13. Bg3 e5 14. d5 Qxd5 15.
Qa4 Rd8 16. Rd1 Be6 17. Nb3 Nd4 18. exd4 exd4 19. O-O d3 20. Rfe1 a5 21. Bf1
Bxg4 22. Rxd3 exd3 23. Qxg4 a4 24. Nd2 Qxa2 25. h4 Qxb2 26. Nf3 d2 27. Rd1 a3
28. Bc4 a2 29. Ne5 Bxe5 30. Qf5 Bxg3 0-1

[Event "TCh-TUR Super League 2023"]
[Site "Ankara TUR"]
[Date "2023.07.17"]
[Round "8.3"]
[Board "3"]
[White "Akbas, Umut Ata"]
[Black "Celik, Hasan Huseyin"]
[Result "1/2-1/2"]
[WhiteTitle "IM"]
[BlackTitle "FM"]
[WhiteElo "2401"]
[BlackElo "2405"]
[WhiteTeam "APAYDIN SATRANC VE"]
[BlackTeam "BURHANIYE"]
[WhiteFideId "44572646"]
[BlackFideId "44506759"]
[EventDate "2023.07.10"]

1. Nf3 d5 2. g3 c6 3. Bg2 Bf5 4. d3 e6 5. O-O h6 6. c4 Nd7 7. cxd5 cxd5 8. Nc3
Bc5 9. e4 dxe4 10. dxe4 Bh7 11. Qe2 Ne7 12. Rd1 Nc6 13. Bf4 O-O 14. Qb5 Bb6 15.
Ne5 a6 16. Nxc6 axb5 17. Nxd8 Rfxd8 18. Nxb5 e5 19. Bd2 Nf6 20. Nc3 Bd4 21. Be1
Rdc8 22. Kf1 Bxc3 23. Bxc3 Bxe4 24. Bxe5 Rc2 25. Rac1 Rxc1 26. Rxc1 Rxa2 27.
Rc8+ Kh7 28. Bxe4+ Nxe4 29. Rc7 f6 30. Bd4 Ra4 31. Rd7 Kg6 32. Ke2 Ng5 33. Bc3
Ne4 34. Rxb7 Nxc3+ 35. bxc3 Ra2+ 36. Ke3 Rc2 37. Rc7 Kf5 38. Rxg7 Rxc3+ 39. Ke2
h5 40. Kf1 Rc2 41. Kg2 Rb2 42. Re7 Kg6 43. Re4 Kf5 44. Ra4 Rc2 45. h3 Kg6 46. g4
hxg4 47. Rxg4+ Kh6 48. Kg3 Rc3+ 49. f3 Rc5 50. Kf4 Ra5 51. Ke3 Re5+ 52. Kd4 Rh5
53. f4 Rxh3 54. f5 Kh7 55. Ke4 Ra3 56. Rg6 Ra6 1/2-1/2

[Event "TCh-TUR Super League 2023"]
[Site "Ankara TUR"]
[Date "2023.07.17"]
[Round "8.3"]
[Board "4"]
[White "Bicer, Atakan Mert"]
[Black "Agdelen, Huseyin Can"]
[Result "1/2-1/2"]
[WhiteTitle "FM"]
[BlackTitle "FM"]
[WhiteElo "2311"]
[BlackElo "2404"]
[WhiteTeam "BURHANIYE"]
[BlackTeam "APAYDIN SATRANC VE"]
[WhiteFideId "34560645"]
[BlackFideId "6352260"]
[EventDate "2023.07.10"]

1. c4 c6 2. Nf3 d5 3. g3 g6 4. Bg2 Bg7 5. O-O e5 6. d3 Ne7 7. e4 O-O 8. Qe2 Re8
9. Nc3 d4 10. Nd1 a5 11. Ne1 Na6 12. f4 exf4 13. Bxf4 f5 14. Nf2 Nc5 15. Nc2
fxe4 16. Nxe4 Nxe4 17. Bxe4 Bf5 18. Rae1 Bxe4 19. Qxe4 Nf5 20. Qxe8+ Qxe8 21.
Rxe8+ Rxe8 22. g4 Ne3 23. Re1 Rf8 24. Nxe3 Rxf4 25. Rf1 Rf7 26. Nc2 Rd7 27. Kg2
b5 28. Na3 Bf8 29. cxb5 Bxa3 30. bxc6 Rc7 31. bxa3 Rxc6 1/2-1/2

[Event "TCh-TUR Super League 2023"]
[Site "Ankara TUR"]
[Date "2023.07.17"]
[Round "8.3"]
[Board "5"]
[White "Buksa, Nataliya"]
[Black "Yakubbaeva, Nilufar"]
[Result "1/2-1/2"]
[WhiteTitle "IM"]
[BlackTitle "WGM"]
[WhiteElo "2365"]
[BlackElo "2311"]
[WhiteTeam "APAYDIN SATRANC VE"]
[BlackTeam "BURHANIYE"]
[WhiteFideId "14123622"]
[BlackFideId "14204487"]
[EventDate "2023.07.10"]

1. e4 e5 2. Nf3 Nc6 3. Bc4 Nf6 4. Ng5 d5 5. exd5 Na5 6. Bb5+ c6 7. dxc6 bxc6 8.
Bd3 h6 9. Ne4 Nd5 10. Ng3 Nf4 11. Be4 Bd6 12. O-O O-O 13. d4 Qb6 14. Nh5 Nxh5
15. Qxh5 f5 16. dxe5 Bxe5 17. Bd3 Bxb2 18. Bxb2 Qxb2 19. Nd2 Be6 20. Nb3 Nxb3
21. axb3 a5 22. Rae1 Bd5 23. Bxf5 a4 24. bxa4 Rxa4 25. Qg6 Qf6 26. Qh7+ Kf7 27.
Re3 Rfa8 28. h3 Ra1 29. Be6+ Bxe6 30. Rf3 Qxf3 31. gxf3 Rxf1+ 32. Kxf1 Bxh3+ 33.
Ke2 Re8+ 34. Kd2 Re5 35. Qh8 Re8 36. Qh7 Re5 37. Qh8 Re8 38. Qh7 Re5 1/2-1/2

[Event "TCh-TUR Super League 2023"]
[Site "Ankara TUR"]
[Date "2023.07.17"]
[Round "8.3"]
[Board "6"]
[White "Gallevci, Yagiz"]
[Black "Taspinar, Yanki"]
[Result "0-1"]
[WhiteTitle "CM"]
[BlackTitle "FM"]
[WhiteElo "2204"]
[BlackElo "2302"]
[WhiteTeam "BURHANIYE"]
[BlackTeam "APAYDIN SATRANC VE"]
[WhiteFideId "6379931"]
[BlackFideId "34561188"]
[EventDate "2023.07.10"]

1. e4 e5 2. Nf3 Nc6 3. Bb5 g6 4. h4 Nf6 5. d4 exd4 6. e5 Ng4 7. c3 a6 8. Bg5 Be7
9. Bxc6 dxc6 10. cxd4 Be6 11. Nc3 h6 12. Bxe7 Qxe7 13. h5 O-O-O 14. Qe2 c5 15.
Rd1 Bf5 16. Qc4 cxd4 17. Nd5 Rxd5 18. Qxd5 Rd8 19. Qa5 d3 20. hxg6 Bxg6 21. Nh4
Nxe5 22. O-O Qg5 23. b4 Bh5 24. Rc1 Nc6 25. Qxg5 hxg5 26. Nf3 d2 27. Nxd2 Rxd2
28. Rc5 Nxb4 29. Rxg5 Bg6 30. f4 Be4 31. Re1 f5 32. g4 Rg2+ 33. Kf1 Rxg4 34.
Rxg4 Bd3+ 35. Kf2 fxg4 36. a3 Nc6 37. Ke3 Bf5 38. Rh1 Kd7 39. Rh5 Ke6 40. Rh6+
Kf7 41. Rh1 0-1

[Event "TCh-TUR Super League 2023"]
[Site "Ankara TUR"]
[Date "2023.07.17"]
[Round "8.4"]
[Board "1"]
[White "Yakubboev, Nodirbek"]
[Black "Sankalp, Gupta"]
[Result "0-1"]
[WhiteTitle "GM"]
[BlackTitle "GM"]
[WhiteElo "2640"]
[BlackElo "2497"]
[WhiteTeam "KARAMAN FUTBOL KULUBU"]
[BlackTeam "ROTA KOLEJI"]
[WhiteFideId "14203987"]
[BlackFideId "5097010"]
[EventDate "2023.07.10"]

1. d4 d5 2. c4 dxc4 3. e4 b5 4. a4 c6 5. Nc3 b4 6. Nb1 Ba6 7. Qc2 Qxd4 8. Nf3
Qb6 9. Be3 Qc7 10. Nbd2 e6 11. Bxc4 Bxc4 12. Nxc4 Nf6 13. Bg5 b3 14. Qd3 Nbd7
15. Bxf6 Nxf6 16. O-O Rb8 17. Nfd2 Be7 18. e5 Nd5 19. Nxb3 O-O 20. a5 Rfd8 21.
Rfd1 Qb7 22. Nd4 Nb4 23. Qe2 Rd5 24. Nc2 Qb5 25. N2e3 Bc5 26. b3 Bxe3 27. fxe3
Rxe5 28. e4 Qc5+ 29. Kh1 Rh5 30. Rd7 Rh6 31. Rf1 Rf8 32. h3 f5 33. Qd2 Rhf6 34.
Rb7 Na6 35. exf5 Rxf5 36. Rxf5 Rxf5 37. Kh2 h6 38. Qd7 Qf8 39. Qxc6 Nc5 40. Rxa7
Kh7 41. Qd6 Qf6 42. Ra8 Rf2 43. Qe5 Qf3 44. Qg3 Qf6 45. Nd6 Rf1 46. Qe3 Rd1 47.
Nc4 Qf1 48. Rc8 Qh1+ 49. Kg3 Rd3 50. Rxc5 Qe1+ 51. Kf3 Qd1+ 52. Kf2 Rxe3 53.
Nxe3 Qxb3 54. Rc2 Qa4 55. Re2 Qxa5 56. Ng4 Qb6+ 57. Kg3 Kg6 58. Ne5+ Kf5 59. Nf3
g5 60. Kh2 Qd6+ 61. Kg1 h5 62. Kf2 Qb6+ 63. Kg3 Kf6 64. Re4 Qc7+ 65. Kf2 Qc2+
66. Re2 Qc5+ 67. Kg3 Qc4 68. Kf2 g4 69. hxg4 hxg4 70. Nd2 Qd4+ 71. Ke1 Qg1+ 72.
Nf1 g3 73. Rd2 e5 74. Re2 Ke6 75. Rd2 e4 76. Re2 Kd5 77. Ra2 Ke5 78. Rd2 Kf4 79.
Re2 Qd4 80. Rc2 Qd3 81. Rd2 Qc3 82. Kd1 e3 83. Rd8 Qa1+ 84. Ke2 Qb2+ 85. Nd2
Qb5+ 0-1

[Event "TCh-TUR Super League 2023"]
[Site "Ankara TUR"]
[Date "2023.07.17"]
[Round "8.4"]
[Board "2"]
[White "Mammadov, Zaur"]
[Black "Daneshvar, Bardiya"]
[Result "0-1"]
[WhiteTitle "GM"]
[BlackTitle "GM"]
[WhiteElo "2398"]
[BlackElo "2577"]
[WhiteTeam "ROTA KOLEJI"]
[BlackTeam "KARAMAN FUTBOL KULUBU"]
[WhiteFideId "13401033"]
[BlackFideId "12576468"]
[EventDate "2023.07.10"]

1. d4 Nf6 2. Nf3 e6 3. e3 b6 4. Bd3 Bb7 5. O-O c5 6. c4 g6 7. b3 Bg7 8. Bb2 O-O
9. Nbd2 cxd4 10. Nxd4 d6 11. Be2 e5 12. Nb5 a6 13. Nc3 Re8 14. Qc2 e4 15. Rfd1
Nbd7 16. Nf1 Nc5 17. b4 Ne6 18. Qd2 Bf8 19. Na4 Nd7 20. Ng3 h5 21. h3 h4 0-1